00869nam a22002417a 450000500170000001000110001702000100002803500110003803700160004904000120006508200160007710000290009324500580012226000400018027000490022030000250026950000500029465000560034465000260040094200250042699900190045195201570047020170124110109.0 a528805 c00.00 a528805 bCen Lib/Ret aDPLbEN a954.11bKHA aKhan, Rahmatullah928783 aKashmir and the United Nations /cby Rahmatullah Khan bVikas Publicationsc1969aNew Delhi a5, Ansari Road, DaryaganjbNew Delhie110002 avii,199p. c20cm(Hb) aIncludes bibliographical references and index aUnited Nations -- India -- Jammu and Kashmir928784 aUnited Nations928785 2ddccENh954.11mKHA c130281d130281 04104070aLbLd2015-07-09eCen Lib/Retg0.00l0o954.11 KHAp528805r2015-07-09 00:00:00t1v0.00w2015-07-09yENzW/d List No. 8133/8; dtd 20.2.2017